000 00492nam a22001697a 4500
005 20251108173317.0
008 250721s9999 xx 000 0 ara d
020 _a995372119X
082 1 4 _a615/رزق
100 1 _aرزق، هيام
245 1 0 _aأسرار الشفاء بالطبيعة /
264 _bدار القلم للطباعة و النشر و التوزيع،
650 1 7 _aالعلاج الطبيعي
650 1 7 _aالطبيعة
942 _2ddc
_cBK
999 _c100958
_d100958